000 00438nam a22001697a 4500
003 OSt
005 20160527094226.0
008 160527b xxu||||| |||| 00| 0 eng d
020 _a0805395202
040 _cn/a
050 _aQA39.2
_b .W37 1978
100 _aWashington J. Allyn
245 _aBasic Technical Mathematics
250 _a3rd ed
260 _aUSA
_bThe Benjamin/Cummings Publishing Company, Inc
_c1978
942 _2lcc
_cBK
999 _c254104
_d254103